[Event "Internet Section 06A g/8'+2\""]
[Site "Dos Hermanas"]
[Date "2004.03.06"]
[Round "6"]
[White "Ogunmefun, Adekunle"]
[Black "Paparoff, Constantin"]
[Result "1-0"]
[WhiteElo "1996"]
[BlackElo "1765"]
[PlyCount "49"]
[EventDate "2004.03.06"]
[EventType "swiss (blitz)"]
[EventRounds "9"]
[EventCountry "ESP"]
[SourceTitle "CBM 099 Extra"]
[Source "ChessBase"]
[SourceDate "2004.05.04"]
[SourceVersion "1"]
[SourceVersionDate "2004.05.04"]
[SourceQuality "1"]

1. c4 e6 2. Nf3 d5 3. g3 Nf6 4. Bg2 c6 5. 0-0 Bd6 6. d4 b6 7. Nbd2 Bb7 8. b3 Nbd7 9. Bb2 Rc8 10. Re1 0-0 11. e4 dxe4 12. Nxe4 Nxe4 13. Rxe4 Nf6 14. Re1 Qc7 15. c5 bxc5 16. dxc5 Bxc5 17. Rc1 Qb6 18. Qc2 Bb4 19. Red1 Rfd8 20. Ng5 Rxd1+ 21. Rxd1 Be7 22. Rd7 Kf8 23. Bxf6 Bxf6 24. Rxf7+ Ke8 25. Qxh7 1-0

[Event "Internet Section 06A g/8'+2\""]
[Site "Dos Hermanas"]
[Date "2004.03.06"]
[Round "2"]
[White "Paparoff, Constantin"]
[Black "Bianchi, Albino Angel"]
[Result "0-1"]
[WhiteElo "1768"]
[BlackElo "2187"]
[PlyCount "38"]
[EventDate "2004.03.06"]
[EventType "swiss (blitz)"]
[EventRounds "9"]
[EventCountry "ESP"]
[SourceTitle "CBM 099 Extra"]
[Source "ChessBase"]
[SourceDate "2004.05.04"]
[SourceVersion "1"]
[SourceVersionDate "2004.05.04"]
[SourceQuality "1"]

1. Nf3 e6 2. c4 f5 3. g3 Nf6 4. Bg2 c6 5. 0-0 d5 6. d3 Bd6 7. Nbd2 0-0 8. Qc2 Bd7 9. e4 fxe4 10. dxe4 dxe4 11. Nxe4 Nxe4 12. Qxe4 Na6 13. Ng5 g6 14. Nxe6 Bxe6 15. Qxe6+ Rf7 16. Rd1 Nc5 17. Qxd6 Rd7 18. Qxc5 Rxd1+ 19. Bf1 Qd3 0-1

[Event "Internet Section 06A g/8'+2\""]
[Site "Dos Hermanas"]
[Date "2004.03.06"]
[Round "5"]
[White "Paparoff, Constantin"]
[Black "Garbotz, Julian"]
[Result "0-1"]
[WhiteElo "1779"]
[BlackElo "2007"]
[PlyCount "78"]
[EventDate "2004.03.06"]
[EventType "swiss (blitz)"]
[EventRounds "9"]
[EventCountry "ESP"]
[SourceTitle "CBM 099 Extra"]
[Source "ChessBase"]
[SourceDate "2004.05.04"]
[SourceVersion "1"]
[SourceVersionDate "2004.05.04"]
[SourceQuality "1"]

1. Nf3 d5 2. g3 Nf6 3. Bg2 b6 4. 0-0 Bb7 5. d3 Nbd7 6. b3 e6 7. Bb2 Be7 8. Nbd2 0-0 9. c4 c5 10. a3 d4 11. b4 Qc7 12. b5 h6 13. a4 Ng4 14. a5 Nde5 15. a6 Bxf3 16. Nxf3 Rad8 17. Bc1 f5 18. h3 Nxf3+ 19. exf3 Nf6 20. f4 Bd6 21. Re1 e5 22. fxe5 Bxe5 23. Qf3 f4 24. gxf4 Bd6 25. Re6 Nh7 26. f5 Qf7 27. Bf4 Bxf4 28. Qxf4 Qxe6 29. Bd5 Rxd5 30. cxd5 Qxd5 31. Qc7 Qxf5 32. Rf1 Qxh3 33. Qxa7 Qg4+ 34. Kh1 Rf5 35. Qb8+ Nf8 36. Qg3 Rh5+ 37. Kg2 Qf5 38. a7 Qc8 39. Ra1 Qa8+ 0-1